Supervision for today's schools /

Đã lưu trong:
书目详细资料
主要作者: Oliva, Peter F.
格式: 图书
语言:English
出版: New York : John Wiley and Sons, 2001.
版:6th ed.
主题:
标签: 添加标签
没有标签, 成为第一个标记此记录!
Thư viện lưu trữ: Mạng thư viện Đại học Đà Nẵng
LEADER 00823cam a2200325 i 4500
001 000045320
003 4493
005 20030226164840.0
008 010220|2001 vm 000 eng
020 |a 1863732667 
040 |a IRC  |c IRC  |d IRC 
041 0 |a eng 
082 1 4 |a 371.2  |b OL-P 
100 1 |a Oliva, Peter F. 
245 0 0 |a Supervision for today's schools /  |c Peter F. Oliva. 
250 |a 6th ed. 
260 |a New York :  |b John Wiley and Sons,  |c 2001. 
300 |a xiv, 578p. :  |b ill. 
630 0 4 |a School supervision. 
650 0 4 |a School supervision  |z United States. 
OWN |a DUT 
999 |a From the UDN01 
TYP |a Monograph 
TYP |a Printed language 
980 |a Mạng thư viện Đại học Đà Nẵng